[Event "April 9 Early 2024"]
[Site "Chess.com"]
[Date "2024.04.09"]
[Round "2"]
[White "Gholami Orimi, Mahdi"]
[Black "Camacho Collados, Jose"]
[Result "0-1"]
[Board "53"]
[WhiteFideId "12558486"]
[BlackFideId "2265427"]
[WhiteTitle "IM"]
[BlackTitle "IM"]
[WhiteElo "2884"]
[BlackElo "2600"]
[WhiteTeam "IRI"]
[BlackTeam "WLS"]
[WhiteClock "0:00:01"]
[BlackClock "0:00:07"]
[Variant "Standard"]

1. b3 {[%clk 0:02:59]}  Nf6 {[%clk 0:02:58]} 2. Bb2 {[%clk 0:03:00]}  g6 {[%clk 0:02:59]} 3. f4 {[%clk 0:03:00]}  Bg7 {[%clk 0:02:59]} 4. Nf3 {[%clk 0:03:01]}  d5 {[%clk 0:03:00]} 5. e3 {[%clk 0:03:01]}  c5 {[%clk 0:03:00]} 6. Be2 {[%clk 0:03:01]}  Nc6 {[%clk 0:03:01]} 7. O-O {[%clk 0:03:02]}  O-O {[%clk 0:03:01]} 8. Qe1 {[%clk 0:03:00]}  Bf5 {[%clk 0:02:59]} 9. d3 {[%clk 0:02:59]}  Nb4 {[%clk 0:02:58]} 10. Na3 {[%clk 0:02:59]}  a5 {[%clk 0:02:56]} 11. h3 {[%clk 0:02:57]}  h5 {[%clk 0:02:54]} 12. Ne5 {[%clk 0:02:56]}  a4 {[%clk 0:02:52]} 13. g4 {[%clk 0:02:55]}  hxg4 {[%clk 0:02:48]} 14. hxg4 {[%clk 0:02:55]}  Bd7 {[%clk 0:02:47]} 15. g5 {[%clk 0:02:54]}  Nh7 {[%clk 0:02:32]} 16. Qh4 {[%clk 0:02:53]}  Bxe5 {[%clk 0:02:25]} 17. fxe5 {[%clk 0:02:43]}  Bf5 {[%clk 0:02:08]} 18. e4 {[%clk 0:02:01]}  dxe4 {[%clk 0:02:06]} 19. dxe4 {[%clk 0:02:02]}  Qd2 {[%clk 0:01:59]} 20. exf5 {[%clk 0:01:19]}  Qxe2 {[%clk 0:01:59]} 21. Rae1 {[%clk 0:01:13]}  Qd2 {[%clk 0:01:59]} 22. Bc1 {[%clk 0:01:06]}  Qd4+ {[%clk 0:01:57]} 23. Qxd4 {[%clk 0:01:06]}  cxd4 {[%clk 0:01:58]} 24. f6 {[%clk 0:01:07]}  exf6 {[%clk 0:01:54]} 25. exf6 {[%clk 0:01:08]}  axb3 {[%clk 0:01:53]} 26. axb3 {[%clk 0:01:08]}  d3 {[%clk 0:01:50]} 27. c3 {[%clk 0:01:05]}  Nd5 {[%clk 0:01:38]} 28. Nb5 {[%clk 0:01:03]}  Ra2 {[%clk 0:01:29]} 29. Rf2 {[%clk 0:01:01]}  Ra1 {[%clk 0:01:03]} 30. c4 {[%clk 0:01:00]}  Nc3 {[%clk 0:00:47]} 31. Bd2 {[%clk 0:00:54]}  Rxe1+ {[%clk 0:00:42]} 32. Bxe1 {[%clk 0:00:54]}  Ne2+ {[%clk 0:00:41]} 33. Kf1 {[%clk 0:00:33]}  Nxg5 {[%clk 0:00:41]} 34. Nd6 {[%clk 0:00:33]}  Rb8 {[%clk 0:00:32]} 35. Bd2 {[%clk 0:00:31]}  Ng3+ {[%clk 0:00:28]} 36. Kg2 {[%clk 0:00:31]}  N5e4 {[%clk 0:00:24]} 37. b4 {[%clk 0:00:20]}  Nxd6 {[%clk 0:00:18]} 38. Bf4 {[%clk 0:00:13]}  Nge4 {[%clk 0:00:18]} 39. Rf3 {[%clk 0:00:13]}  d2 {[%clk 0:00:16]} 40. Rd3 {[%clk 0:00:13]}  Rc8 {[%clk 0:00:08]} 41. Bxd6 {[%clk 0:00:10]}  Nxd6 {[%clk 0:00:08]} 42. Rxd6 {[%clk 0:00:10]}  Rxc4 {[%clk 0:00:08]} 43. Rxd2 {[%clk 0:00:09]}  Rxb4 {[%clk 0:00:08]} 44. Rd8+ {[%clk 0:00:10]}  Kh7 {[%clk 0:00:09]} 45. Rf8 {[%clk 0:00:11]}  Kh6 {[%clk 0:00:09]} 46. Rxf7 {[%clk 0:00:10]}  Kg5 {[%clk 0:00:09]} 47. Kf3 {[%clk 0:00:06]}  b6 {[%clk 0:00:08]} 48. Kg3 {[%clk 0:00:03]}  Rg4+ {[%clk 0:00:07]} 49. Kh3 {[%clk 0:00:03]}  Rf4 {[%clk 0:00:07]} 50. Rd7 {[%clk 0:00:03]}  Rxf6 {[%clk 0:00:08]} 51. Rd5+ {[%clk 0:00:04]}  Rf5 {[%clk 0:00:08]} 52. Rd6 {[%clk 0:00:04]}  b5 {[%clk 0:00:09]} 53. Rb6 {[%clk 0:00:04]}  Rc5 {[%clk 0:00:09]} 54. Kg3 {[%clk 0:00:04]}  Kf5 {[%clk 0:00:09]} 55. Rb8 {[%clk 0:00:04]}  Rc3+ {[%clk 0:00:09]} 56. Kf2 {[%clk 0:00:04]}  Rc5 {[%clk 0:00:09]} 57. Kf3 {[%clk 0:00:04]}  Kg5 {[%clk 0:00:08]} 58. Kg3 {[%clk 0:00:04]}  Rc3+ {[%clk 0:00:08]} 59. Kf2 {[%clk 0:00:05]}  Rb3 {[%clk 0:00:08]} 60. Rb6 {[%clk 0:00:03]}  Kf5 {[%clk 0:00:08]} 61. Kg2 {[%clk 0:00:04]}  g5 {[%clk 0:00:09]} 62. Rb8 {[%clk 0:00:04]}  Kg4 {[%clk 0:00:09]} 63. Kf2 {[%clk 0:00:04]}  Rb2+ {[%clk 0:00:09]} 64. Kg1 {[%clk 0:00:04]}  Kg3 {[%clk 0:00:10]} 65. Kf1 {[%clk 0:00:04]}  g4 {[%clk 0:00:10]} 66. Rd8 {[%clk 0:00:05]}  Rb1+ {[%clk 0:00:10]} 67. Ke2 {[%clk 0:00:05]}  Kg2 {[%clk 0:00:10]} 68. Rg8 {[%clk 0:00:05]}  g3 {[%clk 0:00:10]} 69. Rg7 {[%clk 0:00:05]}  b4 {[%clk 0:00:10]} 70. Rg8 {[%clk 0:00:06]}  b3 {[%clk 0:00:11]} 71. Rh8 {[%clk 0:00:04]}  Rb2+ {[%clk 0:00:10]} 72. Ke3 {[%clk 0:00:04]}  Rf2 {[%clk 0:00:10]} 73. Rg8 {[%clk 0:00:03]}  b2 {[%clk 0:00:09]} 74. Rb8 {[%clk 0:00:04]}  Rc2 {[%clk 0:00:09]} 75. Kd3 {[%clk 0:00:04]}  Rf2 {[%clk 0:00:09]} 76. Ke3 {[%clk 0:00:04]}  Kf1 {[%clk 0:00:09]} 77. Rd8 {[%clk 0:00:04]}  b1=Q {[%clk 0:00:08]} 78. Rd1+ {[%clk 0:00:01]}  Qxd1 {[%clk 0:00:07]} 0-1

[Event "April 9 Early 2024"]
[Site "Chess.com"]
[Date "2024.04.09"]
[Round "2"]
[White "Grandelius, Nils"]
[Black "Hajiyev, Kanan"]
[Result "1-0"]
[Board "55"]
[WhiteFideId "1710400"]
[BlackFideId "13404148"]
[WhiteTitle "GM"]
[BlackTitle "FM"]
[WhiteElo "2878"]
[BlackElo "2599"]
[WhiteTeam "SWE"]
[BlackTeam "AZE"]
[WhiteClock "0:01:59"]
[BlackClock "0:01:11"]
[Variant "Standard"]

1. e4 {[%clk 0:03:00]}  c6 {[%clk 0:03:00]} 2. Nf3 {[%clk 0:02:59]}  d5 {[%clk 0:03:01]} 3. d3 {[%clk 0:02:59]}  Bg4 {[%clk 0:02:57]} 4. Nbd2 {[%clk 0:02:57]}  e6 {[%clk 0:02:57]} 5. h3 {[%clk 0:02:58]}  Bh5 {[%clk 0:02:57]} 6. g4 {[%clk 0:02:52]}  Bg6 {[%clk 0:02:57]} 7. h4 {[%clk 0:02:52]}  h6 {[%clk 0:02:55]} 8. Qe2 {[%clk 0:02:41]}  Nf6 {[%clk 0:02:44]} 9. Ne5 {[%clk 0:02:35]}  dxe4 {[%clk 0:02:30]} 10. Nxg6 {[%clk 0:02:33]}  exd3 {[%clk 0:02:15]} 11. Qxd3 {[%clk 0:02:28]}  Qxd3 {[%clk 0:02:11]} 12. Bxd3 {[%clk 0:02:29]}  fxg6 {[%clk 0:02:11]} 13. Bxg6+ {[%clk 0:02:30]}  Kd8 {[%clk 0:02:08]} 14. Rg1 {[%clk 0:02:25]}  Nbd7 {[%clk 0:02:03]} 15. Nc4 {[%clk 0:02:25]}  Nd5 {[%clk 0:01:54]} 16. Bd2 {[%clk 0:02:16]}  Bc5 {[%clk 0:01:49]} 17. Rf1 {[%clk 0:02:01]}  b5 {[%clk 0:01:35]} 18. Na5 {[%clk 0:02:00]}  Ne5 {[%clk 0:01:34]} 19. Be4 {[%clk 0:02:01]}  Nxg4 {[%clk 0:01:11]} 20. Nb7+ {[%clk 0:01:59]} 1-0

[Event "April 9 Early 2024"]
[Site "Chess.com"]
[Date "2024.04.09"]
[Round "2"]
[White "Bykov, Egor"]
[Black "Iniyan, Pa"]
[Result "0-1"]
[Board "57"]
[WhiteFideId "34115290"]
[BlackFideId "25002767"]
[WhiteTitle "FM"]
[BlackTitle "GM"]
[WhiteElo "2593"]
[BlackElo "2875"]
[WhiteTeam "RUS"]
[BlackTeam "IND"]
[WhiteClock "0:00:13"]
[BlackClock "0:01:06"]
[Variant "Standard"]

1. Nf3 {[%clk 0:02:56]}  Nf6 {[%clk 0:02:57]} 2. b3 {[%clk 0:02:54]}  g6 {[%clk 0:02:58]} 3. Bb2 {[%clk 0:02:55]}  Bg7 {[%clk 0:02:58]} 4. d4 {[%clk 0:02:53]}  O-O {[%clk 0:02:58]} 5. e3 {[%clk 0:02:54]}  d5 {[%clk 0:02:57]} 6. c4 {[%clk 0:02:52]}  c5 {[%clk 0:02:56]} 7. Be2 {[%clk 0:02:40]}  cxd4 {[%clk 0:02:49]} 8. Nxd4 {[%clk 0:02:28]}  e5 {[%clk 0:02:44]} 9. Nf3 {[%clk 0:02:27]}  Re8 {[%clk 0:02:42]} 10. Bxe5 {[%clk 0:02:08]}  Rxe5 {[%clk 0:02:36]} 11. Nxe5 {[%clk 0:02:09]}  Ne4 {[%clk 0:02:36]} 12. f4 {[%clk 0:02:02]}  Bxe5 {[%clk 0:02:02]} 13. fxe5 {[%clk 0:01:55]}  Qh4+ {[%clk 0:02:02]} 14. g3 {[%clk 0:01:55]}  Nxg3 {[%clk 0:02:02]} 15. Kd2 {[%clk 0:01:08]}  Nxh1 {[%clk 0:01:58]} 16. Qxh1 {[%clk 0:01:09]}  d4 {[%clk 0:01:51]} 17. Qf3 {[%clk 0:00:53]}  Nc6 {[%clk 0:01:51]} 18. Qf4 {[%clk 0:00:45]}  dxe3+ {[%clk 0:01:45]} 19. Kxe3 {[%clk 0:00:46]}  Qe1 {[%clk 0:01:23]} 20. Qf1 {[%clk 0:00:31]}  Qa5 {[%clk 0:01:22]} 21. Nd2 {[%clk 0:00:21]}  Qc3+ {[%clk 0:01:12]} 22. Bd3 {[%clk 0:00:20]}  Qd4+ {[%clk 0:01:06]} 23. Ke2 {[%clk 0:00:20]}  Bg4+ {[%clk 0:01:06]} 24. Nf3 {[%clk 0:00:13]}  Nxe5 {[%clk 0:01:06]} 0-1

[Event "April 9 Early 2024"]
[Site "Chess.com"]
[Date "2024.04.09"]
[Round "2"]
[White "Beerdsen, Thomas"]
[Black "Teterev, Vitaly"]
[Result "1-0"]
[Board "60"]
[WhiteFideId "1030108"]
[BlackFideId "13501429"]
[WhiteTitle "GM"]
[BlackTitle "GM"]
[WhiteElo "2870"]
[BlackElo "2592"]
[WhiteTeam "NED"]
[BlackTeam "BLR"]
[WhiteClock "0:01:03"]
[BlackClock "0:00:00"]
[Variant "Standard"]

1. e4 {[%clk 0:03:00]}  c5 {[%clk 0:02:59]} 2. Nf3 {[%clk 0:03:01]}  e6 {[%clk 0:02:59]} 3. d4 {[%clk 0:03:01]}  cxd4 {[%clk 0:02:59]} 4. Bg5 {[%clk 0:03:01]}  Qb6 {[%clk 0:02:46]} 5. Qxd4 {[%clk 0:03:01]}  Qxd4 {[%clk 0:02:45]} 6. Nxd4 {[%clk 0:03:02]}  a6 {[%clk 0:02:45]} 7. Nd2 {[%clk 0:03:02]}  d6 {[%clk 0:02:30]} 8. Nc4 {[%clk 0:02:56]}  Nd7 {[%clk 0:02:28]} 9. O-O-O {[%clk 0:02:47]}  b5 {[%clk 0:02:22]} 10. Na5 {[%clk 0:02:40]}  Ngf6 {[%clk 0:02:21]} 11. f3 {[%clk 0:02:39]}  d5 {[%clk 0:02:18]} 12. exd5 {[%clk 0:02:32]}  Nxd5 {[%clk 0:02:18]} 13. c4 {[%clk 0:02:21]}  bxc4 {[%clk 0:02:17]} 14. Bxc4 {[%clk 0:02:22]}  N7b6 {[%clk 0:02:07]} 15. Bb3 {[%clk 0:02:12]}  h6 {[%clk 0:02:04]} 16. Bh4 {[%clk 0:02:11]}  g5 {[%clk 0:01:56]} 17. Bg3 {[%clk 0:02:04]}  Bg7 {[%clk 0:01:57]} 18. Bd6 {[%clk 0:02:01]}  Bd7 {[%clk 0:01:51]} 19. Rhe1 {[%clk 0:01:56]}  Rc8+ {[%clk 0:01:51]} 20. Kb1 {[%clk 0:01:56]}  Bf6 {[%clk 0:00:57]} 21. Nxe6 {[%clk 0:01:36]}  Bxe6 {[%clk 0:00:30]} 22. Bxd5 {[%clk 0:01:35]}  Nxd5 {[%clk 0:00:30]} 23. Rxd5 {[%clk 0:01:36]}  Rd8 {[%clk 0:00:23]} 24. Nb7 {[%clk 0:01:28]}  Rd7 {[%clk 0:00:21]} 25. Nc5 {[%clk 0:01:28]}  Rd8 {[%clk 0:00:08]} 26. Rdd1 {[%clk 0:01:27]}  Be7 {[%clk 0:00:05]} 27. Nxe6 {[%clk 0:01:27]}  Rxd6 {[%clk 0:00:03]} 28. Rxd6 {[%clk 0:01:27]}  Bxd6 {[%clk 0:00:03]} 29. Nxg5+ {[%clk 0:01:27]}  Kf8 {[%clk 0:00:03]} 30. Ne4 {[%clk 0:01:27]}  Bxh2 {[%clk 0:00:03]} 31. g3 {[%clk 0:01:09]}  Rg8 {[%clk 0:00:03]} 32. Rh1 {[%clk 0:01:10]}  Bxg3 {[%clk 0:00:03]} 33. Rxh6 {[%clk 0:01:11]}  Bf4 {[%clk 0:00:02]} 34. Rxa6 {[%clk 0:01:11]}  Rg1+ {[%clk 0:00:02]} 35. Kc2 {[%clk 0:01:12]}  Rf1 {[%clk 0:00:03]} 36. Rf6 {[%clk 0:01:07]}  Be5 {[%clk 0:00:02]} 37. Rf5 {[%clk 0:01:07]}  Bg7 {[%clk 0:00:03]} 38. a4 {[%clk 0:01:03]}  Ke7 {[%clk 0:00:03]} 39. a5 {[%clk 0:01:03]}  Ke6 {[%clk 0:00:03]} 40. Rb5 {[%clk 0:01:02]}  Rxf3 {[%clk 0:00:00]} 41. Ng5+ {[%clk 0:01:03]} 1-0

[Event "April 9 Early 2024"]
[Site "Chess.com"]
[Date "2024.04.09"]
[Round "2"]
[White "Grutter, Tim"]
[Black "Cieslak, Patryk"]
[Result "1/2-1/2"]
[Board "61"]
[WhiteFideId "1057472"]
[BlackFideId "21078882"]
[WhiteTitle "FM"]
[BlackTitle "FM"]
[WhiteElo "2590"]
[BlackElo "2868"]
[WhiteTeam "NED"]
[BlackTeam "POL"]
[WhiteClock "0:00:04"]
[BlackClock "0:00:08"]
[Variant "Standard"]

1. Nf3 {[%clk 0:03:00]}  g6 {[%clk 0:02:59]} 2. g3 {[%clk 0:03:01]}  Bg7 {[%clk 0:03:00]} 3. Bg2 {[%clk 0:03:02]}  e5 {[%clk 0:03:00]} 4. O-O {[%clk 0:03:02]}  Ne7 {[%clk 0:02:58]} 5. d3 {[%clk 0:03:00]}  O-O {[%clk 0:02:58]} 6. c4 {[%clk 0:02:59]}  c6 {[%clk 0:02:56]} 7. Nc3 {[%clk 0:02:44]}  d5 {[%clk 0:02:54]} 8. cxd5 {[%clk 0:02:44]}  cxd5 {[%clk 0:02:50]} 9. Bd2 {[%clk 0:02:39]}  Nbc6 {[%clk 0:02:50]} 10. a3 {[%clk 0:02:36]}  Bf5 {[%clk 0:02:43]} 11. Rc1 {[%clk 0:02:30]}  Rc8 {[%clk 0:02:30]} 12. b4 {[%clk 0:02:29]}  a6 {[%clk 0:02:21]} 13. Na4 {[%clk 0:02:26]}  e4 {[%clk 0:02:16]} 14. dxe4 {[%clk 0:02:11]}  Bxe4 {[%clk 0:01:51]} 15. Bc3 {[%clk 0:02:05]}  Bxc3 {[%clk 0:01:49]} 16. Nxc3 {[%clk 0:02:02]}  Kg7 {[%clk 0:01:47]} 17. Qd2 {[%clk 0:01:52]}  Bxf3 {[%clk 0:01:37]} 18. Bxf3 {[%clk 0:01:50]}  Ne5 {[%clk 0:01:38]} 19. Bg2 {[%clk 0:01:37]}  d4 {[%clk 0:01:22]} 20. Nd5 {[%clk 0:01:30]}  N7c6 {[%clk 0:00:52]} 21. Qb2 {[%clk 0:01:25]}  f6 {[%clk 0:00:50]} 22. Nf4 {[%clk 0:01:23]}  Qe7 {[%clk 0:00:49]} 23. Bh3 {[%clk 0:01:14]}  f5 {[%clk 0:00:49]} 24. Rfd1 {[%clk 0:01:07]}  Rfd8 {[%clk 0:00:48]} 25. Bg2 {[%clk 0:01:06]}  Qf7 {[%clk 0:00:43]} 26. e3 {[%clk 0:00:59]}  dxe3 {[%clk 0:00:17]} 27. Bxc6 {[%clk 0:00:58]}  Qf6 {[%clk 0:00:17]} 28. Ne6+ {[%clk 0:00:29]}  Qxe6 {[%clk 0:00:16]} 29. Bxb7 {[%clk 0:00:13]}  e2 {[%clk 0:00:04]} 30. Qxe2 {[%clk 0:00:10]}  Rxc1 {[%clk 0:00:03]} 31. Rxc1 {[%clk 0:00:08]}  Qf6 {[%clk 0:00:03]} 32. Re1 {[%clk 0:00:07]}  Nf7 {[%clk 0:00:03]} 33. Bf3 {[%clk 0:00:05]}  Rd6 {[%clk 0:00:02]} 34. h4 {[%clk 0:00:04]}  Qc3 {[%clk 0:00:02]} 35. Qe3 {[%clk 0:00:04]}  Qb2 {[%clk 0:00:02]} 36. h5 {[%clk 0:00:03]}  Qf6 {[%clk 0:00:02]} 37. hxg6 {[%clk 0:00:03]}  hxg6 {[%clk 0:00:03]} 38. Bg2 {[%clk 0:00:03]}  g5 {[%clk 0:00:03]} 39. Qe2 {[%clk 0:00:02]}  f4 {[%clk 0:00:04]} 40. Rd1 {[%clk 0:00:02]}  fxg3 {[%clk 0:00:04]} 41. fxg3 {[%clk 0:00:02]}  Re6 {[%clk 0:00:02]} 42. Qf2 {[%clk 0:00:03]}  Qe7 {[%clk 0:00:02]} 43. Rf1 {[%clk 0:00:03]}  Ne5 {[%clk 0:00:02]} 44. Qd4 {[%clk 0:00:03]}  Rf6 {[%clk 0:00:01]} 45. Rxf6 {[%clk 0:00:03]}  Qxf6 {[%clk 0:00:02]} 46. Qe3 {[%clk 0:00:03]}  Ng4 {[%clk 0:00:02]} 47. Qa7+ {[%clk 0:00:03]}  Kh6 {[%clk 0:00:02]} 48. Qc5 {[%clk 0:00:03]}  Qa1+ {[%clk 0:00:02]} 49. Bf1 {[%clk 0:00:03]}  Qf6 {[%clk 0:00:03]} 50. Bg2 {[%clk 0:00:02]}  Ne5 {[%clk 0:00:03]} 51. Qe3 {[%clk 0:00:02]}  Qf5 {[%clk 0:00:02]} 52. Qe2 {[%clk 0:00:02]}  g4 {[%clk 0:00:02]} 53. Qxa6+ {[%clk 0:00:02]}  Kg5 {[%clk 0:00:01]} 54. Qe2 {[%clk 0:00:03]}  Qb1+ {[%clk 0:00:02]} 55. Bf1 {[%clk 0:00:03]}  Qf5 {[%clk 0:00:03]} 56. Qe3+ {[%clk 0:00:03]}  Kf6 {[%clk 0:00:02]} 57. Be2 {[%clk 0:00:03]}  Qb1+ {[%clk 0:00:01]} 58. Kg2 {[%clk 0:00:03]}  Qb2 {[%clk 0:00:02]} 59. Kf2 {[%clk 0:00:01]}  Qc2 {[%clk 0:00:02]} 60. Qf4+ {[%clk 0:00:01]}  Ke6 {[%clk 0:00:02]} 61. Qe3 {[%clk 0:00:02]}  Qb2 {[%clk 0:00:03]} 62. Kf1 {[%clk 0:00:02]}  Qa1+ {[%clk 0:00:03]} 63. Kg2 {[%clk 0:00:02]}  Qb2 {[%clk 0:00:04]} 64. Qf2 {[%clk 0:00:02]}  Qc2 {[%clk 0:00:02]} 65. Bxg4+ {[%clk 0:00:02]}  Nxg4 {[%clk 0:00:03]} 66. Qxc2 {[%clk 0:00:02]}  Ne3+ {[%clk 0:00:04]} 67. Kf3 {[%clk 0:00:03]}  Nxc2 {[%clk 0:00:05]} 68. Ke4 {[%clk 0:00:03]}  Nxa3 {[%clk 0:00:05]} 69. Kd4 {[%clk 0:00:03]}  Kd6 {[%clk 0:00:05]} 70. g4 {[%clk 0:00:04]}  Nc2+ {[%clk 0:00:04]} 71. Kc3 {[%clk 0:00:04]}  Nxb4 {[%clk 0:00:05]} 72. Kxb4 {[%clk 0:00:05]}  Ke5 {[%clk 0:00:06]} 73. g5 {[%clk 0:00:04]}  Kf5 {[%clk 0:00:07]} 74. g6 {[%clk 0:00:05]}  Kf6 {[%clk 0:00:07]} 75. g7 {[%clk 0:00:06]}  Kf7 {[%clk 0:00:07]} 76. g8=Q+ {[%clk 0:00:04]}  Kxg8 {[%clk 0:00:08]} 1/2-1/2

[Event "April 9 Early 2024"]
[Site "Chess.com"]
[Date "2024.04.09"]
[Round "2"]
[White "Novik, Maxim"]
[Black "Mahdavi, Reza"]
[Result "0-1"]
[Board "63"]
[WhiteFideId "4102924"]
[BlackFideId "12595926"]
[WhiteTitle "GM"]
[BlackTitle "FM"]
[WhiteElo "2585"]
[BlackElo "2861"]
[WhiteTeam "LTU"]
[BlackTeam "IRI"]
[WhiteClock "0:00:08"]
[BlackClock "0:00:17"]
[Variant "Standard"]

1. e4 {[%clk 0:03:00]}  c5 {[%clk 0:02:57]} 2. Nf3 {[%clk 0:02:59]}  d6 {[%clk 0:02:57]} 3. c3 {[%clk 0:02:58]}  Nf6 {[%clk 0:02:57]} 4. h3 {[%clk 0:02:58]}  Nc6 {[%clk 0:02:55]} 5. Bd3 {[%clk 0:02:57]}  g6 {[%clk 0:02:45]} 6. O-O {[%clk 0:02:55]}  Bg7 {[%clk 0:02:45]} 7. Re1 {[%clk 0:02:55]}  O-O {[%clk 0:02:44]} 8. Bc2 {[%clk 0:02:55]}  e5 {[%clk 0:02:36]} 9. d4 {[%clk 0:02:55]}  cxd4 {[%clk 0:02:36]} 10. cxd4 {[%clk 0:02:54]}  exd4 {[%clk 0:02:36]} 11. Nxd4 {[%clk 0:02:54]}  Qb6 {[%clk 0:02:37]} 12. Nb3 {[%clk 0:02:48]}  Nb4 {[%clk 0:02:30]} 13. Nc3 {[%clk 0:02:38]}  Nxc2 {[%clk 0:02:11]} 14. Qxc2 {[%clk 0:02:38]}  Be6 {[%clk 0:02:11]} 15. Be3 {[%clk 0:02:35]}  Qa6 {[%clk 0:01:52]} 16. Nd4 {[%clk 0:02:33]}  Bd7 {[%clk 0:01:47]} 17. Rad1 {[%clk 0:02:31]}  Rac8 {[%clk 0:01:45]} 18. Qb3 {[%clk 0:02:30]}  Rfe8 {[%clk 0:01:29]} 19. f3 {[%clk 0:02:28]}  Re5 {[%clk 0:01:13]} 20. Bf2 {[%clk 0:02:27]}  Rc7 {[%clk 0:01:06]} 21. a4 {[%clk 0:02:17]}  Qc4 {[%clk 0:00:46]} 22. Qxc4 {[%clk 0:02:12]}  Rxc4 {[%clk 0:00:47]} 23. Ndb5 {[%clk 0:02:04]}  Bxb5 {[%clk 0:00:45]} 24. axb5 {[%clk 0:02:04]}  Re6 {[%clk 0:00:34]} 25. Bxa7 {[%clk 0:01:58]}  Rb4 {[%clk 0:00:34]} 26. Re2 {[%clk 0:01:49]}  Nh5 {[%clk 0:00:30]} 27. Red2 {[%clk 0:01:40]}  Be5 {[%clk 0:00:25]} 28. Bd4 {[%clk 0:01:26]}  Bf4 {[%clk 0:00:20]} 29. Rc2 {[%clk 0:01:25]}  Rxd4 {[%clk 0:00:20]} 30. Rxd4 {[%clk 0:01:24]}  Be3+ {[%clk 0:00:21]} 31. Kf1 {[%clk 0:01:20]}  Bxd4 {[%clk 0:00:22]} 32. Nd5 {[%clk 0:01:18]}  Ng3+ {[%clk 0:00:21]} 33. Ke1 {[%clk 0:01:17]}  f5 {[%clk 0:00:14]} 34. Rc8+ {[%clk 0:01:12]}  Kg7 {[%clk 0:00:14]} 35. Rc7+ {[%clk 0:01:12]}  Kh6 {[%clk 0:00:15]} 36. Rxb7 {[%clk 0:01:05]}  fxe4 {[%clk 0:00:15]} 37. fxe4 {[%clk 0:00:45]}  Nxe4 {[%clk 0:00:16]} 38. Kd1 {[%clk 0:00:45]}  Nc5 {[%clk 0:00:10]} 39. Re7 {[%clk 0:00:40]}  Rxe7 {[%clk 0:00:07]} 40. Nxe7 {[%clk 0:00:40]}  Bxb2 {[%clk 0:00:07]} 41. b6 {[%clk 0:00:38]}  Kg5 {[%clk 0:00:07]} 42. Nd5 {[%clk 0:00:25]}  Kf5 {[%clk 0:00:07]} 43. Kc2 {[%clk 0:00:23]}  Be5 {[%clk 0:00:07]} 44. Ne7+ {[%clk 0:00:10]}  Ke6 {[%clk 0:00:07]} 45. Nc6 {[%clk 0:00:09]}  Kd7 {[%clk 0:00:07]} 46. Na5 {[%clk 0:00:10]}  Kc8 {[%clk 0:00:06]} 47. Kd2 {[%clk 0:00:09]}  Nd7 {[%clk 0:00:04]} 48. b7+ {[%clk 0:00:06]}  Kc7 {[%clk 0:00:05]} 49. Kd3 {[%clk 0:00:07]}  Nc5+ {[%clk 0:00:05]} 50. Kc4 {[%clk 0:00:07]}  Nxb7 {[%clk 0:00:06]} 51. Nb3 {[%clk 0:00:07]}  Kc6 {[%clk 0:00:07]} 52. Nd2 {[%clk 0:00:06]}  d5+ {[%clk 0:00:07]} 53. Kd3 {[%clk 0:00:06]}  Nc5+ {[%clk 0:00:08]} 54. Ke2 {[%clk 0:00:06]}  d4 {[%clk 0:00:08]} 55. Nf3 {[%clk 0:00:06]}  Kd5 {[%clk 0:00:09]} 56. Ng5 {[%clk 0:00:06]}  h6 {[%clk 0:00:10]} 57. Nf7 {[%clk 0:00:05]}  Bf4 {[%clk 0:00:09]} 58. g3 {[%clk 0:00:04]}  d3+ {[%clk 0:00:10]} 59. Kf3 {[%clk 0:00:04]}  d2 {[%clk 0:00:11]} 60. Ke2 {[%clk 0:00:05]}  Ke6 {[%clk 0:00:09]} 61. Nd8+ {[%clk 0:00:03]}  Kd7 {[%clk 0:00:10]} 62. gxf4 {[%clk 0:00:04]}  Kxd8 {[%clk 0:00:10]} 63. Kxd2 {[%clk 0:00:04]}  Ke7 {[%clk 0:00:11]} 64. Ke3 {[%clk 0:00:05]}  Kf6 {[%clk 0:00:11]} 65. Kd4 {[%clk 0:00:05]}  Ne6+ {[%clk 0:00:12]} 66. Ke3 {[%clk 0:00:05]}  Kf5 {[%clk 0:00:12]} 67. Kf3 {[%clk 0:00:06]}  Nxf4 {[%clk 0:00:13]} 68. Kg3 {[%clk 0:00:06]}  g5 {[%clk 0:00:14]} 69. Kh2 {[%clk 0:00:06]}  h5 {[%clk 0:00:14]} 70. Kg3 {[%clk 0:00:07]}  h4+ {[%clk 0:00:15]} 71. Kh2 {[%clk 0:00:07]}  Ke4 {[%clk 0:00:16]} 72. Kh1 {[%clk 0:00:07]}  Nxh3 {[%clk 0:00:16]} 73. Kh2 {[%clk 0:00:07]}  g4 {[%clk 0:00:17]} 74. Kg2 {[%clk 0:00:07]}  Nf4+ {[%clk 0:00:18]} 75. Kh2 {[%clk 0:00:07]}  Kf3 {[%clk 0:00:18]} 76. Kh1 {[%clk 0:00:07]}  g3 {[%clk 0:00:19]} 77. Kg1 {[%clk 0:00:07]}  h3 {[%clk 0:00:20]} 78. Kh1 {[%clk 0:00:07]}  Ke3 {[%clk 0:00:14]} 79. Kg1 {[%clk 0:00:07]}  Ne2+ {[%clk 0:00:15]} 80. Kh1 {[%clk 0:00:07]}  g2+ {[%clk 0:00:15]} 81. Kh2 {[%clk 0:00:08]}  g1=Q+ {[%clk 0:00:16]} 82. Kxh3 {[%clk 0:00:08]}  Qg3# {[%clk 0:00:17]} 0-1

[Event "April 9 Early 2024"]
[Site "Chess.com"]
[Date "2024.04.09"]
[Round "2"]
[White "Ibadov, Dashgyn"]
[Black "Quispe Arteaga, Gabriel"]
[Result "0-1"]
[Board "64"]
[WhiteFideId "24107514"]
[BlackFideId "32059809"]
[WhiteTitle "IM"]
[BlackTitle "FM"]
[WhiteElo "2580"]
[BlackElo "2854"]
[WhiteTeam "FID"]
[BlackTeam "ESP"]
[WhiteClock "0:00:00"]
[BlackClock "0:00:16"]
[Variant "Standard"]

1. e4 {[%clk 0:03:00]}  c5 {[%clk 0:03:00]} 2. Nc3 {[%clk 0:02:59]}  Nc6 {[%clk 0:02:59]} 3. f4 {[%clk 0:02:59]}  e6 {[%clk 0:02:59]} 4. Nf3 {[%clk 0:02:59]}  Nge7 {[%clk 0:02:59]} 5. d4 {[%clk 0:02:56]}  cxd4 {[%clk 0:02:59]} 6. Nxd4 {[%clk 0:02:57]}  Nxd4 {[%clk 0:02:59]} 7. Qxd4 {[%clk 0:02:58]}  Nc6 {[%clk 0:03:00]} 8. Qf2 {[%clk 0:02:43]}  Bb4 {[%clk 0:02:59]} 9. Bd2 {[%clk 0:02:43]}  Qe7 {[%clk 0:02:58]} 10. O-O-O {[%clk 0:02:43]}  a6 {[%clk 0:02:55]} 11. Bd3 {[%clk 0:02:41]}  O-O {[%clk 0:02:46]} 12. e5 {[%clk 0:02:41]}  b5 {[%clk 0:02:27]} 13. Ne4 {[%clk 0:02:39]}  Bxd2+ {[%clk 0:02:17]} 14. Rxd2 {[%clk 0:02:40]}  Bb7 {[%clk 0:02:17]} 15. Qg3 {[%clk 0:02:19]}  Kh8 {[%clk 0:01:48]} 16. Qh3 {[%clk 0:02:10]}  f5 {[%clk 0:01:34]} 17. exf6 {[%clk 0:01:50]}  gxf6 {[%clk 0:01:34]} 18. Nd6 {[%clk 0:01:41]}  Rab8 {[%clk 0:01:32]} 19. Rhd1 {[%clk 0:01:31]}  Ba8 {[%clk 0:01:07]} 20. Kb1 {[%clk 0:01:11]}  Rg8 {[%clk 0:00:53]} 21. Be4 {[%clk 0:01:11]}  Rg7 {[%clk 0:00:53]} 22. g4 {[%clk 0:00:55]}  Rf8 {[%clk 0:00:37]} 23. a3 {[%clk 0:00:40]}  Rb8 {[%clk 0:00:26]} 24. Bf3 {[%clk 0:00:15]}  b4 {[%clk 0:00:23]} 25. axb4 {[%clk 0:00:12]}  Nxb4 {[%clk 0:00:24]} 26. Nc4 {[%clk 0:00:09]}  Nd5 {[%clk 0:00:23]} 27. Kc1 {[%clk 0:00:03]}  Qc5 {[%clk 0:00:19]} 28. Rd4 {[%clk 0:00:02]}  Bc6 {[%clk 0:00:19]} 29. Qh6 {[%clk 0:00:02]}  Rg6 {[%clk 0:00:16]} 30. Qh5 {[%clk 0:00:02]}  Rb4 {[%clk 0:00:15]} 31. Na3 {[%clk 0:00:01]}  Rxd4 {[%clk 0:00:14]} 32. Rxd4 {[%clk 0:00:01]}  Qxd4 {[%clk 0:00:15]} 33. f5 {[%clk 0:00:00]}  Qe3+ {[%clk 0:00:16]} 0-1